El libro de urantia (Registro nro. 14464)

Detalles MARC
000 -LIDER
fixed length control field 00826nam a2200253 a 4500
001 - NÚMERO DE CONTROL
Identificador de número de control 000019828
003 - IDENTIFICACDOR DE NÚMERO DE CONTROL
control field DO-SdBNP
005 - DATE AND TIME OF LATEST TRANSACTION
control field 20230815134309.0
008 - ELEMENTOS DE LONGITUD FIJA
fixed length control field 100707s1993 xx r 000 0 spa d
020 ## - ISBN
International Standard Book Number 1883395011
040 ## - FUENTE DE CATALOGACIÓN
Agencia que crea de manera original el registro DO-SdBNP
Idioma de catalogación psa
Agencia que realiza la transcripción BPMSU
082 ## - NÚMERO DE CLASIFICACIÓN DECIMAL DE DEWEY
Classification number 299
Item number L697u 1993
Edition number 22
245 03 - MENCIÓN DE TITULO
Título El libro de urantia
250 ## - MENCIÓN DE EDICION
Mención de edición
260 ## - PUBLICACIÓN, DISTRIBUCIÓN, ETC. (PIE DE IMPRENTA)
Lugar de publicación, distribución, etc chicago Illinois :
Nombre del editor, distribuidor, etc. Urantia Foundation
Fecha de publicación, distribución, etc 1993.
300 ## - DESCRIPCIÓN FÍSICA
Extensión lxvi, 2097 p. ;
Dimensiones 21 cm.
504 ## - NOTA DE BIBLIOGRAFÍA, ETC.
Bibliography, etc Incluye referencias bibliográficas y notas al pie de las páginas.
505 0# - NOTA DE CONTENIDO
Texto normalizado de contenido El universo central y los superuniversos ; El universo local ; La historia de Urantia ; La vida y las enseñanzas de Jesús.
590 ## - NOTA LOCAL
Enlace Inventariado, 2023/VM
650 #4 - ENCABEZAMIENTO DE MATERIA--TEMÁTICO
Término temático o nombre geográfico como elemento de entrada Cosmogonía
650 #4 - ENCABEZAMIENTO DE MATERIA--TEMÁTICO
Término temático o nombre geográfico como elemento de entrada Religiones universales
910 ## - VALIDACIÓN
Validación VMateo V. Control de calidad
942 ## - ADDED ENTRY ELEMENTS (KOHA)
Source of classification or shelving scheme Dewey Decimal Classification
Koha item type Libros
Existencias
Withdrawn status Lost status Source of classification or shelving scheme Damaged status Not for loan Collection code Home library Current library Date acquired Total Checkouts Full call number Barcode Date last seen Price effective from Koha item type
    Dewey Decimal Classification     Colección General Biblioteca Pública Metropolitana Salomé Ureña Biblioteca Pública Metropolitana Salomé Ureña 08/15/2023   BPMSU CD 299 L697u 1993 BPMSU23080024 08/15/2023 08/15/2023 Libros